Statistiques concernant Coupe du Monde 2018: Les 8 premiers pays qualifiés

Cliquez ici pour prendre le quiz!

Statistiques générales

  • Ce quiz a été pris 75 fois
  • Le résultat moyen est 6 sur 8

Statistiques - réponses

Réponse% Correct
Brésil
99%
Japon
87%
Russie
86%
Belgique
80%
Iran
76%
Corée du sud
74%
Mexique
69%
Arabie Saoudite
63%

Distribution des résultats

Percentile par nombre de réponses

% des personnes avec chaque résultat

Votre développement - résultats

Vous n’avez pas pris ce quiz